000 00776nam2a2200229 4500
001 rc\2836176
005 20260315045539.0
035 _a(NLR Aleph) 006993927
090 _a13573581
_c13573581
100 _a20110628d1928 u y0rusy50 ca
101 0 _arus
102 _aRU
105 _ay z |||||
200 1 _aЭлектрические подъемные установки
210 _d1928
461 0 _1001rc\2836169
_12001#$aКонспективная серия$eБ-4. № II-$v№ 27
_95653708
_cМосква
_d1928-[1929]
_nГос. техн. изд-во
_oБ-4. № II-
_tКонспективная серия
_v№ 27
700 1 _aШвайгер
_bА.
801 0 _aRU
_bNLR
_gpsbo
801 1 _aRU
_bELAR
_2rusmarc
852 _aNLR
_j49/488
942 _cUNSPEC
980 _aNB